Studies in the middle way being thoughts on Buddhism applied

Saved in:
Bibliographic Details
Main Author: Humphreys lhChristmas
Format: Book
Published: Surrey lbCurzon lc1984
Tags: Add Tag
No Tags, Be the first to tag this record!
Call Number :BQ 4022 H87 1984

MARC

LEADER 00000pam a2200000 4500
001 16907
003 MY-KLNDU
005 20241218060716.0
020 0 0 |a 0700701710 
035 |a 0000016688 
039 9 |y 200910090941  |z VLOAD 
090 0 0 |a BQ 4022  |b H87 1984 
100 1 0 |a Humphreys lhChristmas 
245 1 0 |a Studies in the middle way  |b being thoughts on Buddhism applied  |c Christmas Humphreys 
260 0 0 |a Surrey lbCurzon lc1984 
300 |a 169p  |c 22cm 
999 |a vtls000016737  |c 16907  |d 16907